| 000 | 01080mam a2200313 a 4500 | ||
|---|---|---|---|
| 001 | 2772767 | ||
| 003 | ARRUPE | ||
| 005 | 20160318115836.0 | ||
| 008 | 000125s2000 sw bs 000 0 eng | ||
| 010 | _a 00416518 | ||
| 020 | _a9171064575 | ||
| 035 | _a(OCoLC)45835217 | ||
| 035 | _a(OCoLC)ocm45835217 | ||
| 035 | _a(NNC)2772767 | ||
| 040 |
_aDLC _cDLC |
||
| 043 | _af-rh--- | ||
| 050 | 0 | 0 |
_aHD1333.Z55 _bM689 2000 |
| 100 | 1 |
_aMoyo, Sam. _922996 |
|
| 245 | 1 | 0 |
_aLand reform under structural adjustment in Zimbabwe : _bland use change in the Machonaland provinces / _cSam Moyo. |
| 260 |
_aUppsala : _bNordiska Afrikainstitutet ; _aSomerset, NJ : _bDistributor in N. America, Transaction Publishers, _cc2000. |
||
| 300 |
_a225 p. ; _c24 cm. |
||
| 504 | _aIncludes bibliographical references (p. [167]-176). | ||
| 650 | 0 |
_aLand reform _zZimbabwe. _911113 |
|
| 650 | 0 |
_aLand tenure _zZimbabwe. _911112 |
|
| 650 | 0 |
_aLand use, Rural _zZimbabwe. _922997 |
|
| 650 | 0 |
_aStructural adjustment (Economic policy) _zZimbabwe. _922998 |
|
| 942 |
_2lcc _cMONOGRAPH |
||
| 999 |
_c124389 _d124389 |
||